| 000 | 01168cam a22002895a 4500 | ||
|---|---|---|---|
| 001 | 15667667 | ||
| 005 | 20090902115400.0 | ||
| 008 | 090320s2009 msu 000 0 eng | ||
| 010 | _a 2009925058 | ||
| 020 | _a9783764388126 | ||
| 040 |
_aDLC _cDLC |
||
| 082 |
_221 _a620.44 _bBOE |
||
| 100 | 1 |
_aBoeing, Niels _913536 |
|
| 245 | 0 | 0 |
_aSmart Surfaces : _cNiels Boeing, Simon Davis, Almut Seeger; Edited by Thorsten Klooster. _bAnd their Application in Architecture and Design / |
| 260 |
_aBoston, MS : _bBirkhauser Publishers, _cc2009. |
||
| 263 | _a0906 | ||
| 300 |
_a184 p. : _bcol. ill.; _c24 cm. |
||
| 504 | _aIncludes bibliographical references and index. | ||
| 650 | 0 |
_aSurfaces (Technology) _xAnalysis. _913537 |
|
| 650 | 0 |
_aNanotechnology _xmethods. _913538 |
|
| 650 | 0 |
_aEquipment Design. _913539 |
|
| 700 | 1 |
_aDavis,Simon _913540 |
|
| 700 | 1 |
_aSeeger, Almut _913541 |
|
| 942 |
_2ddc _cBB |
||
| 999 |
_c13888 _d13888 |
||